Capitals of the Districts of Belize - Statistics

General Stats
  • This quiz has been taken 90 times
    78 since last reset
  • The average score is 5 of 6
Answer Stats
Hint Answer % Correct
Belize Belize City
94%
Corozal Corozal Town
94%
Orange Walk Orange Walk Town
89%
Cayo San Ignacio
89%
Toledo Punta Gorda
83%
Stann Creek Dangriga
67%
No matching quizzes found
Score Distribution
Percent of People with Each Score
Percentile by Number Answered
Your Score History
You have not taken this quiz since the last reset